[Event "Erfurt AT op 23rd"]
[Site "Erfurt"]
[Date "2013.12.27"]
[Round "1.1"]
[White "Kuenitz, Klaus"]
[Black "Lorenz, Valentin"]
[Result "1-0"]
[WhiteElo "1541"]
[BlackElo "1162"]
[PlyCount "105"]
[EventDate "2013.12.27"]
[EventType "swiss"]
[EventRounds "7"]
[EventCountry "GER"]
[SourceTitle "EXT 2024"]
[Source "ChessBase"]
[SourceDate "2023.10.10"]
[SourceVersion "1"]
[SourceVersionDate "2023.10.10"]
[SourceQuality "1"]

1. d4 d5 2. c4 e6 3. Nf3 Nf6 4. Bg5 h6 5. Bh4 g5 6. Bg3 Bb4+ 7. Nc3 Ne4 8. Qa4+ Nc6 9. Rc1 Bd7 10. Qc2 g4 11. cxd5 exd5 12. Nd2 Bf5 13. Ndxe4 Bxe4 14. Qd2 Qf6 15. e3 0-0-0 16. a3 Bxc3 17. Qxc3 Qe7 18. b4 Rd7 19. Bb5 Qe6 20. 0-0 a6 21. Bxc6 Qxc6 22. Qxc6 bxc6 23. Rxc6 Kb7 24. Rfc1 Rc8 25. Rxh6 Rd6 26. Bxd6 cxd6 27. Rxc8 Kxc8 28. Rxd6 f5 29. Rxa6 Kb7 30. Re6 Kc7 31. Rxe4 dxe4 32. h4 gxh3 33. gxh3 Kb6 34. h4 Kb5 35. h5 Ka4 36. h6 Kxa3 37. b5 Ka4 38. b6 Kb5 39. b7 Kc6 40. b8Q Kd7 41. h7 f4 42. h8Q fxe3 43. fxe3 Ke7 44. Qhe8+ Kf6 45. Qxe4 Kg5 46. d5 Kf6 47. d6 Kf7 48. d7 Kg7 49. d8Q Kh6 50. Qeh4+ Kg6 51. e4 Kg7 52. e5 Kf7 53. Qhf6# 1-0